000 00416nam a22001697a 4500
005 20160624164109.0
008 160624b xxu||||| |||| 00| 0 eng d
020 _a81-229-0190-5
041 _aeng
082 _b9879
100 _a2 Patterson, Benton Rain and Coleman E.P.
_92695
245 _aThe Editor in Chief
260 _bSurjeet
_c2005
300 _a193
650 _aMass Communication
_92660
942 _cBK
999 _c3882
_d3881